| 000 | 00385nam a2200145Ia 4500 | ||
|---|---|---|---|
| 008 | 230917s9999||||xx |||||||||||||| ||und|| | ||
| 040 |
_e76267 _aMAIN |
||
| 041 | _aEnglish | ||
| 082 | _a658.4092 D853L | ||
| 100 | _aDubrin, Andrew J | ||
| 245 | 0 | _aLeadership: Research findings, practice and skills | |
| 260 |
_aBoston _bHoughton Miffin _c1998 |
||
| 300 | _axx, 389 p. | ||
| 942 | _cBK | ||
| 999 |
_c102380 _d102380 |
||